| Tag |
First Indicator |
Second Indicator |
Subfields |
| LEADER |
00000cam a2200000 a 4500 |
| 001 |
in00001584721 |
| 005 |
20151022164425.0 |
| 008 |
990914s2000 nju 001 0 eng |
| 010 |
|
|
|a 99048146
|
| 020 |
|
|
|a 0765761270
|
| 035 |
|
|
|a (OCoLC)ocm42462953
|
| 040 |
|
|
|a DLC
|c DLC
|d TXA
|d UtOrBLW
|
| 041 |
1 |
|
|a eng
|h heb
|
| 043 |
|
|
|a e-pl---
|
| 049 |
|
|
|a TXAM
|
| 050 |
0 |
0 |
|a BS1225.4
|b .K27513 2000
|
| 082 |
0 |
0 |
|a 296.4/7
|2 21
|
| 100 |
0 |
|
|a Ḳalonimus Ḳalmish ben Elimelekh,
|d 1889-1943.
|
| 240 |
1 |
0 |
|a Esh ḳodesh.
|l English
|
| 245 |
1 |
0 |
|a Sacred fire :
|b Torah from the years of fury, 1939-1942 /
|c Kalonymos Kalmish Shapira ; translated by J. Hershy Worch ; edited by Deborah Miller.
|
| 264 |
|
1 |
|a Northvale, N.J. :
|b J. Aronson,
|c [2000]
|
| 264 |
|
4 |
|c ©2000
|
| 300 |
|
|
|a xxix, 388 pages ;
|c 24 cm.
|
| 336 |
|
|
|a text
|b txt
|2 rdacontent
|
| 337 |
|
|
|a unmediated
|b n
|2 rdamedia
|
| 338 |
|
|
|a volume
|b nc
|2 rdacarrier
|
| 500 |
|
|
|a Includes index.
|
| 630 |
0 |
0 |
|a Bible.
|p Pentateuch
|v Meditations.
|
| 650 |
|
0 |
|a Holocaust, Jewish (1939-1945)
|z Poland
|z Warsaw.
|
| 650 |
|
0 |
|a Suffering
|x Religious aspects
|x Judaism
|v Meditations.
|
| 700 |
1 |
|
|a Worch, J. Hershy.
|
| 700 |
1 |
|
|a Miller, Deborah.
|
| 948 |
|
|
|a cataloged
|b h
|c 2001/2/15
|d c
|e cmulkey
|f 9:00:32 am
|
| 994 |
|
|
|a E0
|b TXA
|
| 999 |
|
|
|a MARS
|
| 999 |
f |
f |
|s 1005e1e6-d9e0-32ce-8af2-4955420a9425
|i 6bbb173f-8438-36cf-b8c2-ea78cc4c7414
|t 0
|
| 952 |
f |
f |
|p normal
|a Texas A&M University
|b College Station
|c Sterling C. Evans Library
|d Evans: Library Stacks
|t 0
|e BS1225.4 .K27513 2000
|h Library of Congress classification
|i unmediated -- volume
|m A14827157972
|
| 998 |
f |
f |
|a BS1225.4 .K27513 2000
|t 0
|l Evans: Library Stacks
|